000
00338nam a2200145Ia 4500
008
240624s9999 xx 000 0 und d
041
_a
eng
082
_a
302.35 POT
100
_a
POTTER W JAMES
245
_a
MEDIA LITERACY
250
_a
(7th ed.)
260
_c
2014
_a
New Delhi
_b
Sage
300
_a
xxi, 452 p.; 23 cm.
365
_c
_b
38
999
_c
30589
_d
30589